LEADER 01005nam0-22003491i-450- 001 990009103650403321 005 20100603102423.0 020 $aIT$b718245 035 $a000910365 035 $aFED01000910365 035 $a(Aleph)000910365FED01 035 $a000910365 100 $a20091014e19701794km-y0itay50------ba 101 0 $aita 102 $aIT 105 $ay-------001yy 200 1 $aMemorie storiche di Monza e sua corte$fAnton Francesco Frisi 205 $aRist. anast. 210 $aBologna$cForni$d1970 215 $a3 v.$cill.$d25 cm 225 1 $aBiblioteca istorica della antica e nuova Italia$v119 676 $a945.21$v17$zita 700 1$aFrisi,$bAntonio Francesco$055741 801 0$aIT$bUNINA$gRICA$2UNIMARC 901 $aBK 912 $a990009103650403321 952 $aSDI-XXIII A 23$b458$fSDI 952 $aSDI-XXIII A 24$b458$fSDI 952 $aSDI-XXIII A 25$b458$fSDI 959 $aSDI 996 $aMemorie storiche di Monza e sua corte$9781688 997 $aUNINA LEADER 02442nam 2200565 a 450 001 9910480887903321 005 20170815153359.0 010 $a1-4522-7121-6 010 $a1-4522-1020-9 035 $a(CKB)2550000000108141 035 $a(EBL)996268 035 $a(OCoLC)806033000 035 $a(SSID)ssj0000705380 035 $a(PQKBManifestationID)11419750 035 $a(PQKBTitleCode)TC0000705380 035 $a(PQKBWorkID)10621847 035 $a(PQKB)10295067 035 $a(MiAaPQ)EBC996268 035 $a(StDuBDS)EDZ0000082877 035 $a(EXLCZ)992550000000108141 100 $a20120427d2010 fy 0 101 0 $aeng 135 $aur|n|---||||| 181 $ctxt 182 $cc 183 $acr 200 10$aLeading through quality questioning$b[electronic resource] $ecreating capacity, commitment, and community /$fJackie Acree Walsh, Beth Dankert Sattes 210 $aThousand Oaks, Calif. $cCorwin ;$aLondon $cSAGE$dc2010 215 $a1 online resource (145 p.) 300 $aDescription based upon print version of record. 311 $a1-4522-1908-7 311 $a1-4129-6061-4 320 $aIncludes bibliographical references and index. 327 $aContents; List of Tables and Figures; Preface; Acknowledgments; About the Authors; 1 - Quality Questioning; 2 - Questioning as a Process; 3 - Maximizing; 4 - Mobilizing; 5 - Mediating; 6 - Monitoring; 7 - Promoting Adult Learning and Growth in Schools; Resource A: Examples of Closed and Open-Ended Questions; Resource B: Structured Group Processes That Engage Members of the School Community in Thinking and Dialogue; Resource C: The Quality Questioning Quotient (QQQ): A Self-Assessment; References; Index 330 8 $aQuality questioning is a process for engaging individuals in reflection, critical thinking, and collaboration. The authors demonstrate how questions, not answers, drive school improvement and growth for a learning community. 606 $aQuestioning 606 $aThought and thinking 608 $aElectronic books. 615 0$aQuestioning. 615 0$aThought and thinking. 676 $a371.2011 676 $a371.37 700 $aWalsh$b Jackie A$01027038 701 $aSattes$b Beth D$g(Beth Dankert)$01027039 801 0$bStDuBDS 801 1$bStDuBDS 906 $aBOOK 912 $a9910480887903321 996 $aLeading through quality questioning$92442270 997 $aUNINA